| 000 | 00616nam a2200205Ia 4500 | ||
|---|---|---|---|
| 003 | Ost | ||
| 005 | 20260507075139.0 | ||
| 008 | 260507s9999||||xx |||||||||||||| ||und|| | ||
| 040 | _cfsecg | ||
| 041 | _aara | ||
| 082 | _a330 | ||
| 100 |
_aالدلاهمه، سليمان مصطفى _eمؤلف |
||
| 245 | 0 |
_aمبادئ واساسيات علم المحاسبة / _c سليمان مصطفى الدلاهمه |
|
| 260 |
_aعمان: _bدار الوراق, _c2008 |
||
| 300 | _a411 صفحة؛ | ||
| 653 | _aعلم المحاسبة | ||
| 653 | _aمبادئ | ||
| 653 | _aنظام محاسبي | ||
| 942 | _cكتاب | ||
| 999 |
_c43285 _d43285 |
||